Statistics for Manchester City all-time top scorers

Click here to take the quiz!

General Stats

  • This quiz has been taken 34 times
  • The average score is 6 of 10

Answer Stats

GoalsNationalityPlayer% Correct
81NorwayErling Haaland
100%
260ArgentinaSergio Agüero
100%
98BelgiUMKevin De Bruyne
88%
79Ivory CoastYaya Touré
82%
131EnglandRaheem Sterling
76%
95BrazilGabriel Jesus
55%
83EnglandColin Bell
36%
99BermudaShaun Goater
27%
86EnglandFrancis Lee
18%
87EnglandDennis Tueart
3%

Score Distribution

Percentile by Number Answered

Percent of People with Each Score

Your Score History

You have not taken this quiz